000 00522nam a2200193Ia 4500
003 GCL
005 20240530103520.0
008 140319s9999 xx 000 0 ara d
040 _aGCL /
_cGCL
082 0 4 _a810.9
_bط ش
100 1 _aطه حسين
245 1 0 _aشارع قوله /
_cطه حسين
300 _a193 ص
650 0 4 _aالادب العربى
650 0 4 _aالادب العربى - مقالات
650 0 4 _aطه حسين
700 1 _aمحمد سيد كيلانى (تحقيق)
942 _2ddc
_cBK
999 _c40186
_d40186